| 000 | 00364 a2200121 4500 | ||
|---|---|---|---|
| 001 | 50726 | ||
| 040 | _cAnchieta - Pituba | ||
| 240 | 1 | 0 |
_aEnciclopédia e Dicionário Koogan Houaiss Digital _l |
| 245 | 1 | 0 | _aEnciclopédia e Dicionário Koogan Houaiss Digital |
| 440 | 1 | _aDelta | |
| 650 | 4 | _aObras enciclopédicas gerais de línguas espanhola e portuguesa | |
| 942 | _cMU | ||
| 999 |
_c50726 _d50726 |
||